000 00214 a2200097 4500
001 15384
100 _aSloan S.J
245 _aPilots under stress
260 _aLondon
_bRoutledge & Kegan
_c
090 _c12013
_d12013
942 _aNUST-CAE
_cM
_c2241
999 _c250457
_d250457